000 00282nam a22001337a 4500
008 210304b ||||| |||| 00| 0 eng d
041 _aeng
080 _a7
082 _a7
100 _a44
101 _aART
245 _aPhotography as a Tool
_cTime life Books
942 _2udc
_cBK
999 _c55716
_d55716